Fast Typing COUNTRIES - Statistics

General Stats
  • This quiz has been taken 60 times
  • The average score is 8 of 10
Answer Stats
Country to Write Country % Correct
Brazil Brazil
100%
Australia Australia
92%
China China
92%
France France
92%
Indonesia Indonesia
86%
Egypt Egypt
84%
Haiti Haiti
78%
Montenegro Montenegro
70%
Canada Canada
57%
South Africa South Africa
49%
No matching quizzes found
Score Distribution
Percent of People with Each Score
Percentile by Number Answered
Your Score History
You have not taken this quiz